Statistics for Top 20 countries by vodka consumption

Click here to take the quiz!

General Stats

  • This quiz has been taken 741 times
  • The average score is 18 of 24

Answer Stats

Rank Country Shots % Correct
1Russia17.28
100%
9United Kingdom3.01
98%
6United States3.76
95%
3Ukraine9.96
92%
Germany1.51
92%
2Poland13.71
90%
8Finland3.19
89%
15Sweden1.13
89%
Canada2.63
88%
13Norway1.68
87%
Denmark0.74
81%
20Romania0.73
79%
5Slovakia4.13
77%
7Ireland3.38
76%
10Hungary2.63
74%
14Czech Republic1.51
74%
4Bulgaria5.26
73%
Australia0.94
72%
12Austria1.69
72%
16Belgium0.94
67%
18New Zealand0.75
63%
19South Africa0.74
32%
11Israel2.25
18%
17United Arab Emirates0.93
9%

Score Distribution

Percentile by Number Answered

Percent of People with Each Score

Your Score History

You have not taken this quiz